| Tag |
First Indicator |
Second Indicator |
Subfields |
| LEADER |
00000cam a2200000 a 4500 |
| 001 |
in00000020823 |
| 005 |
20151007055504.0 |
| 008 |
870427s1987 ja b 00100 eng |
| 010 |
|
|
|a 87013286
|
| 020 |
|
|
|a 0862327369 :
|c $45.00
|
| 020 |
|
|
|a 0862327377 (pbk.) :
|c $15.00
|
| 035 |
|
|
|a (OCoLC)15652423
|
| 035 |
|
|
|9 AAB8388AM
|
| 040 |
|
|
|a DLC
|c DLC
|d TXA
|d UtOrBLW
|
| 043 |
|
|
|a f------
|
| 049 |
|
|
|a TXAM
|c [A11088945]
|
| 050 |
0 |
0 |
|a JQ1879.A15
|b P67 1987
|
| 082 |
0 |
|
|a 320.9/67
|2 19
|
| 245 |
0 |
0 |
|a Popular struggles for democracy in Africa /
|c edited by Peter Anyang Nyong'o.
|
| 264 |
|
1 |
|a Tokyo, Japan :
|b United Nations University ;
|a Atlantic Highlands, N.J., USA :
|b Zed Books,
|c 1987.
|
| 300 |
|
|
|a xiii, 288 pages ;
|c 23 cm.
|
| 336 |
|
|
|a text
|b txt
|2 rdacontent
|
| 337 |
|
|
|a unmediated
|b n
|2 rdamedia
|
| 338 |
|
|
|a volume
|b nc
|2 rdacarrier
|
| 490 |
1 |
|
|a Studies in African political economy
|
| 504 |
|
|
|a Includes bibliographies and index.
|
| 650 |
|
0 |
|a Political participation
|z Africa.
|
| 651 |
|
0 |
|a Africa
|x Politics and government
|y 1960-
|
| 651 |
|
0 |
|a Africa
|x Economic conditions
|y 1960-
|
| 700 |
1 |
|
|a Nyong'o, Peter Anyang',
|d 1945-
|
| 830 |
|
0 |
|a Studies in African political economy.
|
| 999 |
|
|
|a MARS
|
| 999 |
f |
f |
|s 547c86eb-039d-34f2-a42d-dd004cdf7c95
|i 8a896962-0dd3-3fab-a9c6-2b7fe7314e96
|t 0
|
| 952 |
f |
f |
|p ric
|a Texas A&M University
|b Rellis Campus
|c Joint Library Facility
|d Remote Storage
|t 0
|e JQ1879.A15 P67 1987
|h Library of Congress classification
|i unmediated -- volume
|m A14811088945
|
| 998 |
f |
f |
|a JQ1879.A15 P67 1987
|t 0
|l Remote Storage
|